| 000 | 00633nam a2200217 a 4500 | ||
|---|---|---|---|
| 005 | 20230518063827.0 | ||
| 008 | 030827s1992 fr r 000 0 eng d | ||
| 020 | _a9231027883 | ||
| 035 | _aUPN01000128247 | ||
| 049 | _aCG | ||
| 050 | 4 |
_aBF723 G5 _bF7.7 |
|
| 100 | 1 | _aFreeman, Joan | |
| 245 | 1 | 0 |
_aQuality basic education : _bthe development of competence / _cJoan Freeman. |
| 260 |
_aParis : _bUNESCO, _c1992. |
||
| 300 | _a256 p. | ||
| 440 | 0 | _aEducational sciences | |
| 650 | 4 |
_aNIÑOS SUPERDOTADOS - _xPSICOLOGIA _925082 |
|
| 650 | 4 |
_aPsicología educativa _95197 |
|
| 650 | 4 |
_aMOTIVACION DE LOGRO _920226 |
|
| 905 | _aLibro | ||
| 999 |
_c100426 _d100426 |
||